[Event "Chascomus U2200 op"]
[Site "Chascomus"]
[Date "2016.08.05"]
[Round "2.8"]
[White "Desages, Jose"]
[Black "Bilbao, Guillermo"]
[Result "0-1"]
[WhiteElo "1648"]
[BlackElo "1830"]
[PlyCount "54"]
[EventDate "2016.08.05"]
[EventType "swiss"]
[EventRounds "6"]
[EventCountry "ARG"]
[SourceTitle "EXT 2024"]
[Source "ChessBase"]
[SourceDate "2023.10.10"]
[SourceVersion "1"]
[SourceVersionDate "2023.10.10"]
[SourceQuality "1"]

1. g3 d5 2. c4 c6 3. Qc2 Nf6 4. Bg2 g6 5. Nf3 Bg7 6. d3 0-0 7. 0-0 dxc4 8. Qxc4 Nbd7 9. a3 Nb6 10. Qh4 Qd7 11. h3 Qf5 12. g4 Qe6 13. e4 Nbd7 14. Nc3 h5 15. gxh5 Nxh5 16. Ng5 Qd6 17. Be3 f6 18. Nf3 e5 19. d4 Qe6 20. d5 Qf7 21. Rad1 g5 22. Bxg5 fxg5 23. Nxg5 Qg6 24. dxc6 bxc6 25. Kh1 Rf4 26. Rd6 Ndf6 27. Rd8+ Ne8 0-1